000 00431nam a2200157 i 4500
001 64459
003 ES-MaACL
005 20230906165131.0
007 t|
008 031224s1932 ve ||||1| spa d
100 1 _aFombona Pachano, Jacinto.
_951483
245 1 0 _aVirajes
_b: poemes /
_cJacinto Fombona Pachano.
260 _aCaracas :
_b[s.n.],
_c1932 (
_fTip. Vargas)
300 _a217 p. ;
_c21 cm.
852 _aES-MaACL
_jB-12504
999 _c64459
_d64459